000 00828naa a22002657u 4500
001 05292
003 HDC
007 cr bn ---aaaaa
008 210119s2004 xx a b 001 0 eng
040 _aHDC
245 0 _aHOW TO GET HALAL CERTIFIED
260 _a[No Place] :
_b[publisher not identified],
_c2004
300 _a9 pages
336 _atext
_2rdacontent
337 _acomputer
_2rdamedia
338 _aonline resource
_2rdacarrier
500 _aOriginal from book
650 _aHalal food industry
_9128
650 _aHalal food
_950
650 _aHalal
_xCertification
_95529
856 _zRequest full-text at [email protected]
942 _2lcc
942 _cCHAP
942 _kEBCH 002714
999 _c2616
_d2616